Petit Bac #94 - Cases du Monopoly - Statistiques

Statistiques générales
  • Ce quiz a été pris 1 535 fois
  • Le résultat moyen est 7 sur 11
Statistiques - réponses
1ère Lettre Case % Correct
P Prison / Parc Gratuit / Place Pigalle / Place de la Bourse
91%
G Gare Montparnasse / Gare de Lyon / Gare du Nord / Gare Saint-Lazare
86%
R Rue Lecourbe / Rue de Vaugirard / Rue de Courcelles / Rue de Paradis / Rue La Fayette / Rue de la Paix
85%
C Caisse de Communauté / Chance / Compagnie de Distribution des Eaux / Compagnie de Distribution d'Electricité
83%
A Allez en Prison / Avenue de la République / Avenue de Neuilly / Avenue Mozart / Avenue Matignon / Avenue Henri-Martin / Avenue de Breteuil / Avenue Foch / Avenues des Champs-Elysées
80%
D Départ
75%
B Boulevard de Belleville / Boulevard de la Villette / Boulevard Saint-Michel / Boulevard Malesherbes / Boulevard des Capucines
62%
T Taxe de Luxe
49%
I Impôts sur le Revenu
43%
F Faubourg Saint-Honoré
35%
S Simple Visite
28%
Aucun quiz correspondant
Distribution des résultats
% des personnes avec chaque résultat
Percentile par nombre de réponses
Votre historique - résultats
Vous n’avez pas pris ce quiz